[Event "Dyfed Open"]
[Site "Fishguard"]
[Date "2017.02.26"]
[Round "4"]
[White "Jansen van Rensburg, Leon"]
[Black "Jones, Dewi"]
[Result "1-0"]
[WhiteElo "1700"]
[BlackElo "1534"]
[PlyCount "104"]
[EventDate "2017.02.24"]
[EventType "swiss"]
[EventRounds "5"]
[EventCountry "WLS"]

1. e4 d5 2. exd5 Qxd5 3. Nc3 Qa5 4. Bc4 Bf5 5. d3 c6 6. Bd2 Qc7 7. Qf3 e6 8.
O-O-O Nf6 9. h3 Nbd7 10. g4 Bg6 11. g5 Bh5 12. Qe3 Bxd1 13. gxf6 Nxf6 14. Kxd1
Qb6 15. Qxb6 axb6 16. f4 Nd5 17. Nf3 Bd6 18. Nxd5 exd5 19. Re1+ Kd7 20. Bb3 f6
21. c4 Rhe8 22. Rxe8 Rxe8 23. cxd5 Re7 24. dxc6+ bxc6 25. f5 Be5 26. Nxe5+ Rxe5
27. Be6+ Ke7 28. d4 Re4 29. d5 cxd5 30. Bxd5 Rh4 31. Bg2 Kd7 32. Ke2 Rh5 33. a4
Rxf5 34. b4 Re5+ 35. Kf2 Re8 36. a5 bxa5 37. bxa5 Kc8 38. a6 Kb8 39. Be3 Re7
40. Bc5 Ra7 41. Bxa7+ Kxa7 42. Bb7 g6 43. Kf3 Kb8 44. h4 h5 45. Kf4 g5+ 46.
hxg5 fxg5+ 47. Kxg5 h4 48. Kxh4 Ka7 49. Kg5 Kb8 50. Kf6 Ka7 51. Ke7 Kb8 52. Kd8
Ka7 1-0

[Event "Dyfed Open"]
[Site "Fishguard"]
[Date "2017.02.26"]
[Round "4"]
[White "Cooke, Mark"]
[Black "Di-Vetta, Andrew"]
[Result "0-1"]
[WhiteElo "1644"]
[BlackElo "1604"]
[PlyCount "52"]
[EventDate "2017.02.24"]
[EventType "swiss"]
[EventRounds "5"]
[EventCountry "WLS"]

1. e4 c5 2. f4 Nc6 3. Nf3 g6 4. Nc3 Bg7 5. Bc4 a6 6. Ng5 e6 7. a3 b5 8. Ba2 Nd4
9. Ne2 Bb7 10. d3 h6 11. Nxd4 hxg5 12. Nf3 g4 13. Ne5 Qh4+ 14. g3 Qxg3+ 15.
hxg3 Rxh1+ 16. Ke2 Rxd1 17. Kxd1 Bxe5 18. fxe5 Ne7 19. Ke2 Nc6 20. Bf4 O-O-O
21. c3 Rh8 22. Rf1 Rh5 23. Ke3 g5 24. d4 cxd4+ 25. cxd4 gxf4+ 26. gxf4 Rh3+ 0-1

[Event "Dyfed Open"]
[Site "Fishguard"]
[Date "2017.02.26"]
[Round "5"]
[White "Heap, Gerry"]
[Black "Jones, Iolo C"]
[Result "1/2-1/2"]
[WhiteElo "2072"]
[BlackElo "2181"]
[PlyCount "96"]
[EventDate "2017.02.24"]
[EventType "swiss"]
[EventRounds "5"]
[EventCountry "WLS"]

1. Nf3 Nf6 2. g3 e6 3. Bg2 d5 4. O-O c5 5. c4 Nc6 6. cxd5 Nxd5 7. Nc3 Nb6 8. d3
Be7 9. Be3 O-O 10. Rc1 Nd7 11. a3 Rb8 12. d4 cxd4 13. Nxd4 Nxd4 14. Bxd4 Bc5
15. b4 Bxd4 16. Qxd4 Nb6 17. Qf4 Bd7 18. Qd6 Nc4 19. Qc5 Nb6 20. Rfd1 Qf6 21.
Qa5 Rbc8 22. Qxa7 Rxc3 23. Qxb6 Ba4 24. Rxc3 Qxc3 25. Rd8 Qc1+ 26. Bf1 g6 27.
Rxf8+ Kxf8 28. Qxb7 Qxa3 29. e3 Kg7 30. Qb6 Bb3 31. Qd4+ Kg8 32. b5 Bd5 33. b6
Qc1 34. e4 Bb7 35. Qd8+ Kg7 36. Qc7 Qxc7 37. bxc7 Kf6 38. f4 Ke7 39. e5 Kd7 40.
Bb5+ Kxc7 41. Be8 Kd8 42. Bxf7 Ke7 43. Bg8 h5 44. h3 Bd5 45. g4 hxg4 46. hxg4
Kf8 47. Bxe6 Bxe6 48. f5 gxf5 1/2-1/2

[Event "Dyfed Open"]
[Site "Fishguard"]
[Date "2017.02.26"]
[Round "5"]
[White "Strugnell, Carl"]
[Black "Kett, Tim"]
[Result "0-1"]
[WhiteElo "2255"]
[BlackElo "2193"]
[PlyCount "64"]
[EventDate "2017.02.24"]
[EventType "swiss"]
[EventRounds "5"]
[EventCountry "WLS"]

1. e4 e5 2. Nf3 Nc6 3. Bb5 a6 4. Ba4 Nf6 5. O-O Be7 6. Re1 b5 7. Bb3 d6 8. a4
b4 9. a5 O-O 10. c3 Rb8 11. Bc4 Bb7 12. Qe2 d5 13. Bxa6 dxe4 14. Bxb7 exf3 15.
Qa6 Rxb7 16. Qxc6 Rb8 17. gxf3 Qd3 18. cxb4 Rxb4 19. Nc3 Rh4 20. Ne2 e4 21. Qc3
Qd7 22. Ng3 Qh3 23. fxe4 Qxh2+ 24. Kf1 Qh3+ 25. Ke2 Nxe4 26. Nxe4 Rxe4+ 27. Kd1
Rxe1+ 28. Kxe1 Qh1+ 29. Ke2 Re8 30. Kd3 Bf6 31. Qb4 Qd1 32. Qc5 Qb3+ 0-1

[Event "Dyfed Open"]
[Site "Fishguard"]
[Date "2017.02.26"]
[Round "5"]
[White "Byway, Paul V"]
[Black "May, Frank"]
[Result "1/2-1/2"]
[WhiteElo "2054"]
[BlackElo "2103"]
[PlyCount "28"]
[EventDate "2017.02.24"]
[EventType "swiss"]
[EventRounds "5"]
[EventCountry "WLS"]

1. Nf3 Nf6 2. c4 e6 3. e3 d5 4. d4 Nc6 5. Nc3 Bb4 6. Bd3 O-O 7. O-O dxc4 8.
Bxc4 a6 9. Re1 Bd6 10. b3 e5 11. dxe5 Nxe5 12. Be2 Qe7 13. Bb2 Rd8 14. Qc2 Bg4
1/2-1/2

[Event "Dyfed Open"]
[Site "Fishguard"]
[Date "2017.02.26"]
[Round "5"]
[White "Hewitt, William"]
[Black "Rodriguez, Juan Talavera"]
[Result "0-1"]
[WhiteElo "2033"]
[BlackElo "2007"]
[PlyCount "70"]
[EventDate "2017.02.24"]
[EventType "swiss"]
[EventRounds "5"]
[EventCountry "WLS"]

1. e4 e5 2. Nf3 Nc6 3. d4 exd4 4. Nxd4 Nf6 5. Nxc6 bxc6 6. e5 Qe7 7. Qe2 Nd5 8.
c4 Ba6 9. Nd2 O-O-O 10. Qe4 Nb6 11. b3 g5 12. Bb2 Bg7 13. O-O-O c5 14. Re1 Bb7
15. Qf5 Kb8 16. Bd3 d6 17. exd6 Bxb2+ 18. Kxb2 Qxd6 19. Re3 Bxg2 20. Rhe1 Qxh2
21. Qxg5 Bb7 22. Qg3 Qh6 23. Kc2 Nc8 24. Ne4 f5 25. Ng5 Nd6 26. f4 Rdg8 27. Re5
Be4 28. Rxc5 Nb7 29. Re5 Qa6 30. Bxe4 Qxa2+ 31. Kc3 fxe4 32. Qe3 Nd6 33. Ne6
Rg2 34. Kb4 Nb7 35. Rxe4 Qa5# 0-1

[Event "Dyfed Open"]
[Site "Fishguard"]
[Date "2017.02.26"]
[Round "5"]
[White "Powell, Lloyd"]
[Black "May, Adam J"]
[Result "1/2-1/2"]
[WhiteElo "2088"]
[BlackElo "1922"]
[PlyCount "33"]
[EventDate "2017.02.24"]
[EventType "swiss"]
[EventRounds "5"]
[EventCountry "WLS"]

1. d4 d5 2. c4 e6 3. Nf3 Nf6 4. g3 Bb4+ 5. Bd2 Be7 6. Bg2 O-O 7. O-O c6 8. Nc3
Nbd7 9. Qc2 b6 10. e4 dxc4 11. Rad1 Bb7 12. Bf4 Rc8 13. Rfe1 Nh5 14. Be3 Nhf6
15. Bf4 Nh5 16. Bc1 Nhf6 17. Bf4 1/2-1/2

[Event "Dyfed Open"]
[Site "Fishguard"]
[Date "2017.02.26"]
[Round "5"]
[White "Miles, Richard"]
[Black "Spencer, Douglas"]
[Result "1/2-1/2"]
[WhiteElo "1983"]
[BlackElo "1962"]
[PlyCount "20"]
[EventDate "2017.02.24"]
[EventType "swiss"]
[EventRounds "5"]
[EventCountry "WLS"]

1. d4 d5 2. c4 e6 3. Nc3 c6 4. cxd5 exd5 5. Nf3 Nf6 6. Bg5 Be7 7. e3 O-O 8. Bd3
Nbd7 9. O-O Re8 10. Qc2 b6 1/2-1/2

[Event "Dyfed Open"]
[Site "Fishguard"]
[Date "2017.02.26"]
[Round "5"]
[White "Jones, Martin C"]
[Black "Waterfield, John W"]
[Result "1/2-1/2"]
[WhiteElo "1733"]
[BlackElo "1968"]
[PlyCount "81"]
[EventDate "2017.02.24"]
[EventType "swiss"]
[EventRounds "5"]
[EventCountry "WLS"]

1. d4 Nf6 2. Bg5 c5 3. Bxf6 gxf6 4. d5 Qb6 5. Qc1 f5 6. c4 Bh6 7. e3 O-O 8. Nh3
e5 9. dxe6 fxe6 10. Nc3 Nc6 11. Be2 d6 12. O-O Bd7 13. Rd1 Ne5 14. Qd2 Rad8 15.
Qxd6 Qxb2 16. Qxe5 Bg7 17. Qg3 Qxc3 18. Nf4 Qe5 19. h4 Ba4 20. Re1 Rd2 21. Rab1
b6 22. h5 Kh8 23. Bd1 Bc6 24. Bb3 Bf6 25. Qh3 Rd7 26. Rbd1 Rfd8 27. Rxd7 Rxd7
28. h6 Rd8 29. Qh5 Be8 30. Qf3 Bg5 31. Rd1 Rxd1+ 32. Qxd1 Kg8 33. Ba4 Bxa4 34.
Qxa4 Kf8 35. Qxa7 Bxf4 36. exf4 Qe1+ 37. Kh2 Qxf2 38. Qg7+ Ke8 39. Qg8+ Kd7 40.
Qxh7+ Kd6 41. Qg7 1/2-1/2

[Event "Dyfed Open"]
[Site "Fishguard"]
[Date "2017.02.26"]
[Round "5"]
[White "Brown, Thomas"]
[Black "Francis, Matthew"]
[Result "1/2-1/2"]
[WhiteElo "2087"]
[BlackElo "1634"]
[PlyCount "62"]
[EventDate "2017.02.24"]
[EventType "swiss"]
[EventRounds "5"]
[EventCountry "WLS"]

1. d4 e6 2. c4 f5 3. g3 Nf6 4. Bg2 c6 5. Nf3 d5 6. O-O Bd6 7. Nc3 O-O 8. Rb1
Nbd7 9. b4 Ne4 10. Qc2 Ndf6 11. b5 Bd7 12. Ne5 Nxc3 13. Qxc3 Ne4 14. Bxe4 fxe4
15. bxc6 Bxc6 16. Bf4 Bxe5 17. Bxe5 dxc4 18. d5 exd5 19. Bxg7 Rf7 20. Bd4 b6
21. Qe3 Qd6 22. Qg5+ Qg6 23. Qe5 Kf8 24. Bc3 b5 25. a4 a6 26. axb5 axb5 27.
Rxb5 Re8 28. Rb8 Rb7 29. Rxe8+ Bxe8 30. Bb4+ Rxb4 31. Qxd5 Ra4 1/2-1/2

[Event "Dyfed Open"]
[Site "Fishguard"]
[Date "2017.02.26"]
[Round "5"]
[White "Taylor, Robert Graham"]
[Black "Buttell, David"]
[Result "1-0"]
[WhiteElo "1930"]
[BlackElo "1748"]
[PlyCount "117"]
[EventDate "2017.02.24"]
[EventType "swiss"]
[EventRounds "5"]
[EventCountry "WLS"]

1. Nf3 Nf6 2. c4 b6 3. g3 Bb7 4. Bg2 g6 5. O-O Bg7 6. Nc3 O-O 7. d3 d6 8. h3
Nbd7 9. e4 e5 10. Be3 Nc5 11. Qd2 Ne6 12. Bh6 Nh5 13. Bxg7 Kxg7 14. d4 f6 15.
d5 Nc5 16. Ne1 Kh8 17. Bf3 Ng7 18. Kg2 Bc8 19. Rh1 f5 20. b4 Nb7 21. Nd3 Qe7
22. Rac1 a5 23. a3 axb4 24. axb4 fxe4 25. Bxe4 Bf5 26. h4 Bxe4+ 27. Nxe4 Nh5
28. Rce1 Qf7 29. Ng5 Qf5 30. Re3 Qg4 31. Qd1 Qxc4 32. Ne1 Qxb4 33. Ne6 Rf7 34.
Nf3 Qg4 35. Nfg5 Nf4+ 36. Kh2 Qf5 37. Nxf7+ Qxf7 38. gxf4 exf4 39. Qd4+ Kg8 40.
Qxf4 Qxf4+ 41. Nxf4 Nc5 42. Rhe1 b5 43. Re8+ Rxe8 44. Rxe8+ Kf7 45. Rc8 Kf6 46.
Rxc7 Ke5 47. Kg3 Ne4+ 48. Kf3 Nd2+ 49. Ke2 Nc4 50. Nd3+ Kxd5 51. Rxh7 Ke4 52.
Rb7 Na3 53. Rg7 Kf5 54. f3 Nc4 55. Rb7 Na3 56. Rb6 Ke6 57. Nf4+ Kf5 58. Nd5 Ke5
59. Nc7 1-0

[Event "Dyfed Open"]
[Site "Fishguard"]
[Date "2017.02.26"]
[Round "5"]
[White "Mort, Andrew J"]
[Black "Bevan, Peter M"]
[Result "0-1"]
[WhiteElo "1885"]
[BlackElo "1917"]
[PlyCount "54"]
[EventDate "2017.02.24"]
[EventType "swiss"]
[EventRounds "5"]
[EventCountry "WLS"]

1. c4 c6 2. g3 d5 3. Bg2 Nf6 4. Nf3 e6 5. b3 d4 6. d3 c5 7. b4 cxb4 8. O-O Nc6
9. a3 a5 10. axb4 Bxb4 11. Ba3 Bd7 12. Bxb4 axb4 13. Nbd2 O-O 14. Nb3 e5 15.
Rxa8 Qxa8 16. Qc2 Qa7 17. Ra1 Qb6 18. Nfd2 Bf5 19. c5 Qc7 20. Nc4 Be6 21. Nd6
Bd5 22. Nd2 Bxg2 23. Kxg2 Nd5 24. N2e4 Nc3 25. e3 b6 26. Ng5 bxc5 27. exd4 exd4
0-1

[Event "Dyfed Open"]
[Site "Fishguard"]
[Date "2017.02.26"]
[Round "5"]
[White "Miller, John S"]
[Black "Van Kemenade, Rudy"]
[Result "0-1"]
[WhiteElo "1651"]
[BlackElo "1947"]
[PlyCount "92"]
[EventDate "2017.02.24"]
[EventType "swiss"]
[EventRounds "5"]
[EventCountry "WLS"]

1. d4 d6 2. Nf3 f5 3. Bf4 Nf6 4. e3 g6 5. Nbd2 Bg7 6. c3 O-O 7. h3 Nc6 8. Bc4+
e6 9. Ng5 Qe7 10. O-O h6 11. Ngf3 Kh7 12. Bh2 e5 13. dxe5 dxe5 14. Re1 e4 15.
Nd4 Ne5 16. Bf1 c5 17. Bxe5 Qxe5 18. f4 exf3 19. N4xf3 Qe7 20. e4 fxe4 21. Nxe4
Nxe4 22. Bd3 Bf5 23. Qc2 Rae8 24. g4 Qc7 25. gxf5 Qg3+ 26. Qg2 Qxg2+ 27. Kxg2
gxf5 28. Re2 Bf6 29. Rae1 Re7 30. Bxe4 Rg7+ 31. Kh1 fxe4 32. Rxe4 Bxc3 33. Ng5+
Rxg5 34. bxc3 Rf3 35. R4e3 Rxe3 36. Rxe3 Rg7 37. Kh2 b6 38. c4 Kg8 39. Re8+ Kf7
40. Rd8 Ke6 41. Rh8 Rg6 42. Ra8 a5 43. a4 Ke5 44. Rd8 Rd6 45. Rxd6 Kxd6 46. Kg3
Ke5 0-1

[Event "Dyfed Open"]
[Site "Fishguard"]
[Date "2017.02.26"]
[Round "5"]
[White "Thomas, Roy"]
[Black "Greatorex, Roger"]
[Result "1-0"]
[WhiteElo "1718"]
[BlackElo "1820"]
[PlyCount "85"]
[EventDate "2017.02.24"]
[EventType "swiss"]
[EventRounds "5"]
[EventCountry "WLS"]

1. f4 Nf6 2. Nf3 d6 3. d3 Nc6 4. e4 e5 5. Be2 g6 6. O-O Bg7 7. c3 O-O 8. Na3
Qe7 9. Qe1 Nh5 10. fxe5 dxe5 11. Ng5 Nf4 12. Bxf4 exf4 13. Qh4 h6 14. Nf3 Qxh4
15. Nxh4 a6 16. d4 b5 17. Nf3 g5 18. Nc2 Re8 19. Bd3 Bg4 20. Rae1 Bxf3 21. Rxf3
Rad8 22. g3 fxg3 23. hxg3 Re7 24. Kg2 Nb8 25. Ne3 Re6 26. Ref1 Rf8 27. e5 c6
28. Nf5 f6 29. Nxg7 Kxg7 30. Bf5 Ree8 31. e6 Re7 32. b3 a5 33. c4 Rd8 34. Rd1
bxc4 35. bxc4 c5 36. d5 Rd6 37. Rb3 Na6 38. Rdb1 Nb4 39. a3 Ra7 40. axb4 axb4
41. Re3 Re7 42. g4 Ra6 43. Rd1 1-0

[Event "Dyfed Open"]
[Site "Fishguard"]
[Date "2017.02.26"]
[Round "5"]
[White "Haigh, Tony"]
[Black "Philpin, Les"]
[Result "1-0"]
[WhiteElo "1816"]
[BlackElo "1719"]
[PlyCount "39"]
[EventDate "2017.02.24"]
[EventType "swiss"]
[EventRounds "5"]
[EventCountry "WLS"]

1. d4 e6 2. e4 d5 3. Nd2 c5 4. exd5 exd5 5. Ngf3 c4 6. g3 Nf6 7. Bg2 Be7 8. O-O
O-O 9. Re1 Re8 10. Nf1 Ne4 11. N3d2 Nxd2 12. Nxd2 Be6 13. c3 Nc6 14. b3 b5 15.
bxc4 bxc4 16. Nxc4 Rc8 17. Ne3 Na5 18. Bd2 Bf6 19. Nxd5 Bxd5 20. Rxe8+ 1-0

[Event "Dyfed Open"]
[Site "Fishguard"]
[Date "2017.02.26"]
[Round "5"]
[White "Leah, Howard"]
[Black "Bridges, Paul"]
[Result "0-1"]
[WhiteElo "1518"]
[BlackElo "1781"]
[PlyCount "72"]
[EventDate "2017.02.24"]
[EventType "swiss"]
[EventRounds "5"]
[EventCountry "WLS"]

1. e4 c5 2. Nc3 e6 3. d3 Nc6 4. g3 Nf6 5. Bg2 Be7 6. f4 d6 7. Nf3 O-O 8. O-O a6
9. Ne2 Rb8 10. c3 Bd7 11. Ne1 g6 12. Kh1 b5 13. Qc2 Rc8 14. Bh3 Ne8 15. f5 exf5
16. Bh6 Ng7 17. exf5 Re8 18. Bxg7 Kxg7 19. Nf4 Ne5 20. Nd5 Bc6 21. Bg2 Ng4 22.
Qe2 Nf6 23. Nxe7 Rxe7 24. Qd1 Qc7 25. Bxc6 Qxc6+ 26. Ng2 Rce8 27. Qf3 Qxf3 28.
Rxf3 g5 29. Raf1 Re2 30. R3f2 Ng4 31. f6+ Kg6 32. Rf3 Rxb2 33. h3 Ree2 34. Ne1
Nf2+ 35. R1xf2 Rxf2 36. Re3 Rf1# 0-1

[Event "Dyfed Open"]
[Site "Fishguard"]
[Date "2017.02.26"]
[Round "5"]
[White "Allford, Zane"]
[Black "Jansen van Rensburg, Leon"]
[Result "1-0"]
[WhiteElo "1771"]
[BlackElo "1700"]
[PlyCount "108"]
[EventDate "2017.02.24"]
[EventType "swiss"]
[EventRounds "5"]
[EventCountry "WLS"]

1. e4 d6 2. f4 Nf6 3. Nc3 g6 4. Nf3 Bg7 5. Bc4 O-O 6. O-O c5 7. d3 Ng4 8. h3
Nf6 9. Qe1 Nc6 10. Qh4 Nd4 11. Nxd4 cxd4 12. Ne2 d5 13. exd5 Nxd5 14. Bxd5 Qxd5
15. Qxe7 Bf5 16. Ng3 Rfe8 17. Nxf5 Qxf5 18. Qxb7 Rac8 19. Qb3 Re2 20. Rf2 Qh5
21. Bd2 Rce8 22. Rxe2 Rxe2 23. Qb8+ Bf8 24. Bb4 Qh6 25. Bxf8 Qxf8 26. Qxf8+
Kxf8 27. Rc1 h5 28. b4 Ke7 29. a4 Kd6 30. c3 Rd2 31. cxd4 Rxd3 32. Rc4 Kd5 33.
Rc7 Ke6 34. Rxa7 Rxd4 35. b5 Rxf4 36. a5 Kd6 37. b6 Ra4 38. Rxf7 Rxa5 39. Rf6+
Kd7 40. Rxg6 Kc8 41. Rh6 Kb7 42. Kf2 Rg5 43. g3 Rf5+ 44. Ke3 Re5+ 45. Kf4 Rc5
46. g4 Rc4+ 47. Kg5 hxg4 48. hxg4 Rc5+ 49. Kh4 Rc4 50. Rf6 Rb4 51. Kh5 Rb5+ 52.
g5 Kc8 53. Kh6 Kd8 54. g6 Ke8 1-0

[Event "Dyfed Open"]
[Site "Fishguard"]
[Date "2017.02.26"]
[Round "5"]
[White "Di-Vetta, Andrew"]
[Black "Probert, Malcolm"]
[Result "1-0"]
[WhiteElo "1604"]
[BlackElo "1598"]
[PlyCount "91"]
[EventDate "2017.02.24"]
[EventType "swiss"]
[EventRounds "5"]
[EventCountry "WLS"]

1. e4 c6 2. d4 d5 3. e5 g6 4. Bd3 h5 5. f4 Nh6 6. Nf3 Bg4 7. h3 Bxf3 8. Qxf3 e6
9. Be3 Nf5 10. Nd2 Nd7 11. c3 Qb6 12. Rb1 Nxe3 13. Qxe3 c5 14. Ke2 Bh6 15. Nf3
c4 16. Bc2 Nf8 17. Ba4+ Ke7 18. g4 Nh7 19. g5 Bg7 20. Qd2 Qa6 21. Bc2 b5 22. a4
Rhb8 23. Ra1 bxa4 24. Rxa4 Qc6 25. Rha1 Rxb2 26. Rxa7+ Rxa7 27. Rxa7+ Rb7 28.
Rxb7+ Qxb7 29. Qc1 Kd8 30. Qa3 Bf8 31. Qa5+ Kc8 32. Ba4 Be7 33. Bb5 Qc7 34.
Qxc7+ Kxc7 35. Be8 Nf8 36. Bxf7 Ba3 37. Kd2 Kd7 38. Nh4 Ke7 39. Bxg6 Nxg6 40.
Nxg6+ Kf7 41. Nh4 Kg7 42. f5 exf5 43. Nxf5+ Kg6 44. Ne3 Kxg5 45. Nxd5 Kh4 46.
Nb4 1-0

[Event "Dyfed Open"]
[Site "Fishguard"]
[Date "2017.02.26"]
[Round "5"]
[White "Jones, Huw"]
[Black "Orton, Paul"]
[Result "1/2-1/2"]
[WhiteElo "1707"]
[BlackElo "1617"]
[PlyCount "33"]
[EventDate "2017.02.24"]
[EventType "swiss"]
[EventRounds "5"]
[EventCountry "WLS"]

1. d4 Nf6 2. Bg5 g6 3. Bxf6 exf6 4. e3 d5 5. c4 Be6 6. cxd5 Qxd5 7. Nc3 Bb4 8.
Nf3 O-O 9. Be2 Qa5 10. Qc2 c5 11. O-O Bxc3 12. Qxc3 Qxc3 13. bxc3 cxd4 14. Nxd4
Re8 15. Rab1 Bd5 16. c4 Be4 17. Rb2 1/2-1/2

[Event "Dyfed Open"]
[Site "Fishguard"]
[Date "2017.02.26"]
[Round "5"]
[White "Whale, Michael"]
[Black "Jones, Dewi"]
[Result "1-0"]
[WhiteElo "1788"]
[BlackElo "1534"]
[PlyCount "91"]
[EventDate "2017.02.24"]
[EventType "swiss"]
[EventRounds "5"]
[EventCountry "WLS"]

1. e4 d5 2. exd5 Qxd5 3. Nc3 Qa5 4. d4 c6 5. Bd2 Bf5 6. Nf3 e6 7. Be2 Nd7 8.
O-O Ngf6 9. a3 Qc7 10. g3 Bd6 11. b4 O-O 12. Nh4 Ne4 13. Nxf5 Nxc3 14. Nh6+
gxh6 15. Bxc3 f5 16. f4 Nf6 17. Bd3 Nd5 18. Bd2 Qg7 19. c3 Kf7 20. Qf3 Rg8 21.
Kh1 Qg4 22. Qxg4 Rxg4 23. Be2 Rg6 24. Bh5 Rag8 25. a4 Nc7 26. Rae1 Ke7 27. Bxg6
hxg6 28. h4 h5 29. c4 Kd7 30. Rf2 Re8 31. Rfe2 Bf8 32. b5 Bg7 33. Be3 Bh8 34.
Bf2 Bf6 35. Kg1 Bh8 36. Kf1 Bf6 37. bxc6+ bxc6 38. Rb1 Bd8 39. Reb2 a6 40. Rb7
Kd6 41. Rb8 Kd7 42. R1b7 Ke7 43. Be1 Kd6 44. Ba5 Kd7 45. Bxc7 Bxc7 46. Rxc7+
1-0

[Event "Dyfed Open"]
[Site "Fishguard"]
[Date "2017.02.26"]
[Round "5"]
[White "Stuart, Neil"]
[Black "Cooke, Mark"]
[Result "1-0"]
[WhiteElo "1783"]
[BlackElo "1644"]
[PlyCount "35"]
[EventDate "2017.02.24"]
[EventType "swiss"]
[EventRounds "5"]
[EventCountry "WLS"]

1. d4 c6 2. c4 g6 3. Nc3 Bg7 4. e4 d6 5. Nf3 Bg4 6. Be2 Nd7 7. Be3 Qc7 8. O-O
Ngf6 9. Qd2 O-O 10. Rfd1 Rad8 11. Ne1 Bxe2 12. Qxe2 Nh5 13. Nd3 f5 14. exf5
Rxf5 15. g4 Rxf2 16. Nxf2 Nhf6 17. Nce4 Rf8 18. Ng5 1-0